Music Quiz

Random Music or Clickable Quiz

Song Rhymes: Double Missing Word Quiz Stats

 Plays Quiz Updated Jul 14, 2013

Challenge
Share
Tweet
Embed
Score 0/20 Timer 06:00
0 Plays Today
% Correct
Rye, Die
96.2%
Fight, Night
96.1%
Blue jeans, New Orleans
95.5%
Wrong, Long
94.7%
Place, Face
94%
Ablowing, Overflowing
93.5%
Vary, Carry
93.3%
Alone, Cobblestone
92.6%
Chord, Lord
91.8%
Alligators, Carburetors
91.7%
% Correct
Games, Names
89.4%
Forget, Cigarette
88.8%
Frantic, Tantric
88.5%
Cigarettes, Etiquette
88%
Vandal, Candle
86.2%
Confusion, Illusion
86%
Moss, Cross
85.1%
Feeling, Ceiling
78.6%
Scarlet, Starlet
78.3%
Lullabies, Alibis
74.3%

You're not logged in!

Compare scores with friends on all Sporcle quizzes.
OR
Log In

You Might Also Like...

Show Comments

Extras

Top Quizzes Today


Score Distribution

Your Account Isn't Verified!

In order to create a playlist on Sporcle, you need to verify the email address you used during registration. Go to your Sporcle Settings to finish the process.

Report this User

Report this user for behavior that violates our Community Guidelines.

Details: